Mergers, acquisitions, divestitures, and other restructurings : (Record no. 22594)
[ view plain ]
| 000 -LEADER | |
|---|---|
| fixed length control field | 00900cam a22002655a 4500 |
| 001 - CONTROL NUMBER | |
| control field | 18267734 |
| 005 - DATE AND TIME OF LATEST TRANSACTION | |
| control field | 20201128023855.0 |
| 008 - FIXED-LENGTH DATA ELEMENTS--GENERAL INFORMATION | |
| fixed length control field | 140814t2015 njua fr 001 0 eng d |
| 020 ## - INTERNATIONAL STANDARD BOOK NUMBER | |
| International Standard Book Number | 9781118908716 |
| 040 ## - CATALOGING SOURCE | |
| Original cataloging agency | DLC |
| Language of cataloging | eng |
| Transcribing agency | DLC |
| Modifying agency | EG-ScBUE |
| 082 04 - DEWEY DECIMAL CLASSIFICATION NUMBER | |
| Classification number | 338.83 |
| Edition number | 22 |
| Item number | PIG |
| 100 1# - MAIN ENTRY--PERSONAL NAME | |
| Personal name | Pignataro, Paul. |
| 245 10 - TITLE STATEMENT | |
| Title | Mergers, acquisitions, divestitures, and other restructurings : |
| Remainder of title | a practical guide to investment banking and private equity / |
| Statement of responsibility, etc | Paul Pignataro. |
| 260 ## - PUBLICATION, DISTRIBUTION, ETC. (IMPRINT) | |
| Place of publication, distribution, etc | Hoboken : |
| Name of publisher, distributor, etc | Wiley, |
| Date of publication, distribution, etc | c.2015. |
| 300 ## - PHYSICAL DESCRIPTION | |
| Extent | xiv, 352 p. : |
| Other physical details | ill. ; |
| Dimensions | 24 cm. |
| 490 0# - Series Statement | |
| Series statement | Wiley finance series. |
| 500 ## - GENERAL NOTE | |
| General note | Index : p. 341-352. |
| 650 #0 - SUBJECT ADDED ENTRY--TOPICAL TERM | |
| Topical term or geographic name as entry element | Leveraged buyouts. |
| Source of heading or term | BUEsh |
| 650 #7 - SUBJECT ADDED ENTRY--TOPICAL TERM | |
| Topical term or geographic name as entry element | Investment banking. |
| Source of heading or term | BUEsh |
| 9 (RLIN) | 1908 |
| 650 #7 - SUBJECT ADDED ENTRY--TOPICAL TERM | |
| Topical term or geographic name as entry element | Private equity. |
| Source of heading or term | BUEsh |
| 9 (RLIN) | 4336 |
| 651 ## - SUBJECT ADDED ENTRY--GEOGRAPHIC NAME | |
| Source of heading or term | BUEsh |
| 653 ## - INDEX TERM--UNCONTROLLED | |
| Resource For college | BAEPS, Business Administration |
| Arrived date list | October2016 |
| 650 #7 - SUBJECT ADDED ENTRY--TOPICAL TERM | |
| 9 (RLIN) | 36487 |
| Topical term or geographic name as entry element | Consolidation and merger of corporations |
| Source of heading or term | BUEsh |
| 942 ## - ADDED ENTRY ELEMENTS (KOHA) | |
| Source of classification or shelving scheme | Dewey Decimal Classification |
| Withdrawn status | Item status | Source of classification or shelving scheme | Damaged status | Not for loan | Vendor | Home library | Current library | Shelving location | Date acquired | Source of acquisition | Cost, normal purchase price | Serial Enumeration / chronology | Total Checkouts | Total Renewals | Full call number | Barcode | Date last seen | Date last borrowed | Cost, replacement price | Koha item type |
|---|---|---|---|---|---|---|---|---|---|---|---|---|---|---|---|---|---|---|---|---|
| Dewey Decimal Classification | Academic Bookshop | Central Library | Central Library | First floor | 16/10/2016 | Purchase | 714.00 | 9154 | 1 | 37 | 338.83 PIG | 000034094 | 15/07/2025 | 25/09/2023 | 892.00 | Book - Borrowing |